[Event "Lliga Catalana DH"]
[Site "Sabadell"]
[Date "2018.03.03"]
[Round "7.1"]
[White "Vasquez Schroeder, Rodrigo Rafael"]
[Black "Campos Moreno, Javier"]
[Result "0-1"]
[WhiteElo "2549"]
[BlackElo "2510"]
[PlyCount "56"]
[EventDate "2018.??.??"]
[WhiteTeam "CCS"]
[BlackTeam "OLO"]

1. e4 e5 2. Nf3 Nc6 3. Bc4 Nf6 4. Ng5 d5 5. exd5 Na5 6. Bb5+ c6 7. dxc6 bxc6 8.
Bd3 Nd5 9. h4 Nf4 10. Bf1 h6 11. Nf3 Bd6 12. d3 O-O 13. g3 Nd5 14. Nbd2 f5 15.
c4 Nf6 16. Nb3 Nxb3 17. axb3 e4 18. dxe4 fxe4 19. c5 Bxc5 20. Qxd8 Rxd8 21.
Bc4+ Kh7 22. Ng5+ hxg5 23. hxg5+ Kg6 24. gxf6 Bb4+ 25. Ke2 Bg4+ 26. Ke3 Bf3 27.
Rh4 Bc5+ 28. Kf4 Kxf6 0-1

[Event "Lliga Catalana DH"]
[Site "Sabadell"]
[Date "2018.03.03"]
[Round "7.2"]
[White "Vidal Zamora, Alex"]
[Black "Gonzalez Garcia, Jose"]
[Result "1/2-1/2"]
[WhiteElo "2422"]
[BlackElo "2565"]
[PlyCount "72"]
[EventDate "2018.??.??"]
[WhiteTeam "OLO"]
[BlackTeam "CCS"]

1. d4 Nf6 2. c4 e6 3. Nc3 Bb4 4. e3 b6 5. Bd3 Bb7 6. Nf3 O-O 7. O-O c5 8. a3
Bxc3 9. bxc3 Be4 10. Qc2 Bxd3 11. Qxd3 d5 12. cxd5 Qxd5 13. c4 Qe4 14. Rd1 Qxd3
15. Rxd3 Nbd7 16. Bb2 cxd4 17. exd4 Rac8 18. Rc1 Rfd8 19. Rb3 Ne4 20. a4 Nd6
21. Nd2 Rc7 22. Ba3 Nf5 23. Nf3 Nf6 24. Bb2 Rdc8 25. Nd2 Nd6 26. c5 Nd5 27. Ba3
Nf5 28. Nf3 f6 29. Re1 Kf7 30. g4 Nfe7 31. Re4 bxc5 32. Bxc5 Ng6 33. Nd2 Ngf4
34. Nc4 Rd8 35. h4 h5 36. gxh5 f5 1/2-1/2

[Event "Lliga Catalana DH"]
[Site "Sabadell"]
[Date "2018.03.03"]
[Round "7.3"]
[White "Comas Fabrego, Lluis"]
[Black "Aymerich Verdaguer, Eduard"]
[Result "1/2-1/2"]
[WhiteElo "2556"]
[BlackElo "2315"]
[PlyCount "63"]
[EventDate "2018.??.??"]
[WhiteTeam "CCS"]
[BlackTeam "OLO"]

1. Nf3 Nf6 2. b3 g6 3. Bb2 Bg7 4. g3 d6 5. d4 O-O 6. Bg2 c6 7. O-O Qa5 8. Nbd2
Qh5 9. e4 Bg4 10. Re1 Nfd7 11. Nf1 c5 12. Ne3 cxd4 13. Nxg4 Qxg4 14. Nxd4 Qxd1
15. Raxd1 Nc6 16. Nxc6 bxc6 17. Bxg7 Kxg7 18. e5 d5 19. e6 Nf6 20. Rd4 Rac8 21.
Ra4 Rc7 22. exf7 Kxf7 23. c4 Rd8 24. Ra6 e6 25. cxd5 exd5 26. b4 Rb8 27. a3 Rb6
28. Ra4 Rbb7 29. Ra6 Rb6 30. Ra4 Rbb7 31. Ra6 Rb6 32. Ra4 1/2-1/2

[Event "Lliga Catalana DH"]
[Site "Sabadell"]
[Date "2018.03.03"]
[Round "7.4"]
[White "Vinardell Cruañas, Sergi"]
[Black "Diaz Camallonga, Carles"]
[Result "0-1"]
[WhiteElo "2291"]
[BlackElo "2489"]
[PlyCount "83"]
[EventDate "2018.??.??"]
[WhiteTeam "OLO"]
[BlackTeam "CCS"]

1. e4 e6 2. d4 d5 3. Nc3 Bb4 4. e5 c5 5. a3 Bxc3+ 6. bxc3 Qa5 7. Bd2 Qa4 8. Qb1
c4 9. Nh3 Nc6 10. Nf4 Bd7 11. g3 O-O-O 12. Bh3 b6 13. O-O Nge7 14. Nh5 Rhg8 15.
f4 Rdf8 16. Ra2 f5 17. exf6 gxf6 18. f5 Nxf5 19. Bxf5 exf5 20. Qd1 Qa5 21. Re1
f4 22. Nxf4 Bg4 23. Qc1 Re8 24. Re3 Rxe3 25. Bxe3 Bf3 26. Qd2 Be4 27. Nh5 Rf8
28. Bf4 Rf7 29. g4 Qb5 30. Ra1 Qb2 31. Re1 Qxa3 32. Ng3 f5 33. gxf5 Bxf5 34.
Nxf5 Rxf5 35. Bg3 Qf8 36. Qe3 Qf7 37. Qh6 Rf6 38. Qh3+ Kb7 39. Be5 Rf3 40. Qg4
Qg6 41. Qxg6 hxg6 42. Rf1 0-1

[Event "Lliga Catalana DH"]
[Site "Sabadell"]
[Date "2018.03.03"]
[Round "7.5"]
[White "Lorenzo de la Riva, Lazaro"]
[Black "Serrat Rifa, Ernest"]
[Result "1-0"]
[WhiteElo "2449"]
[BlackElo "2269"]
[PlyCount "71"]
[EventDate "2018.??.??"]
[WhiteTeam "CCS"]
[BlackTeam "OLO"]

1. d4 d5 2. Bf4 Nf6 3. e3 e6 4. Nd2 c5 5. c3 Nc6 6. Ngf3 Bd7 7. Bd3 c4 8. Bc2
b5 9. Ne5 Nxe5 10. dxe5 Ng8 11. e4 Bc5 12. exd5 exd5 13. O-O Ne7 14. Qh5 Qb6
15. b4 cxb3 16. Nxb3 Ba3 17. Nd4 g6 18. Qh4 Nf5 19. Nxf5 Bxf5 20. Bxf5 gxf5 21.
Qh3 Be7 22. Rab1 a5 23. Qxf5 b4 24. Rfd1 Rd8 25. cxb4 axb4 26. Bg5 Qg6 27. Qxg6
hxg6 28. Bxe7 Kxe7 29. Rxb4 Ke6 30. f4 Rd7 31. h3 Rc8 32. Rdd4 Rc2 33. a4 g5
34. Rb6+ Ke7 35. fxg5 Ra2 36. g6 1-0

[Event "Lliga Catalana DH"]
[Site "Sabadell"]
[Date "2018.03.03"]
[Round "7.6"]
[White "Pinyol Clapera, David"]
[Black "Perpinya Rofes, Lluis Mª"]
[Result "0-1"]
[WhiteElo "2239"]
[BlackElo "2445"]
[PlyCount "96"]
[EventDate "2018.??.??"]
[WhiteTeam "OLO"]
[BlackTeam "CCS"]

1. e4 c5 2. Nf3 Nc6 3. Bb5 g6 4. O-O Bg7 5. c3 Nf6 6. Re1 O-O 7. h3 Qb6 8. Na3
d6 9. Bxc6 Qxc6 10. d4 cxd4 11. Nxd4 Qd7 12. Bg5 b6 13. Qd2 Bb7 14. f3 Rac8 15.
Rad1 Rfd8 16. Qf2 h6 17. Be3 Ba6 18. Ndc2 Qb7 19. Nb4 Nd7 20. Bd4 Bf8 21. Nd5
e6 22. Nb4 Ne5 23. f4 Nc6 24. Nxc6 Qxc6 25. Bf6 Rd7 26. Qg3 d5 27. Qh4 dxe4 28.
Rxd7 Qxd7 29. Bd4 Bc5 30. Nc2 Bd3 31. Ne3 Bxd4 32. cxd4 Qxd4 33. Kh1 Kg7 34. g4
Qxb2 35. f5 Rc1 36. Ng2 Rxe1+ 37. Qxe1 exf5 38. gxf5 Qb1 39. fxg6 fxg6 40. a3
Kf6 41. Qxb1 Bxb1 42. Ne3 Ke5 43. Kg1 Kd4 44. Kf2 Kc3 45. Nd5+ Kd2 46. Ne3 Bd3
47. Ng4 h5 48. Ne3 g5 0-1

[Event "Lliga Catalana DH"]
[Site "Sabadell"]
[Date "2018.03.03"]
[Round "7.7"]
[White "Rahal, Michael"]
[Black "Pages Rafart, Jordi"]
[Result "1-0"]
[WhiteElo "2426"]
[BlackElo "2232"]
[PlyCount "103"]
[EventDate "2018.??.??"]
[WhiteTeam "CCS"]
[BlackTeam "OLO"]

1. e4 c5 2. Nf3 e6 3. d4 cxd4 4. Nxd4 Nc6 5. Nc3 Qc7 6. g3 a6 7. Bg2 Nf6 8. O-O
Be7 9. Re1 Nxd4 10. Qxd4 e5 11. Qd3 h6 12. a4 O-O 13. a5 Bb4 14. Bd2 d6 15.
Red1 Bg4 16. f3 Bd7 17. Kh1 Rac8 18. Bf1 Rfd8 19. g4 d5 20. Nxd5 Nxd5 21. exd5
Bb5 22. Qe4 Bxd2 23. Rxd2 Bxf1 24. Rxf1 Qxa5 25. Rfd1 f6 26. d6 Rd7 27. h4 Qb5
28. c3 Rc4 29. Qf5 Rf4 30. Qe6+ Kh7 31. Kg2 Qc6 32. Rd5 h5 33. Kg3 hxg4 34.
fxg4 Qa4 35. R5d3 f5 36. Qxe5 Rxg4+ 37. Kf2 g6 38. Rd4 Rxd4 39. Rxd4 Qc2+ 40.
Kf3 Qxb2 41. Rc4 Qc1 42. Rc7 Qf1+ 43. Ke3 Qe1+ 44. Kd4 Qxh4+ 45. Kd5 Qh1+ 46.
Ke6 Rxc7 47. dxc7 Qc6+ 48. Ke7 b5 49. Kd8 Qb6 50. Kd7 Qb7 51. Qd6 f4 52. Kd8
1-0

[Event "Lliga Catalana DH"]
[Site "Sabadell"]
[Date "2018.03.03"]
[Round "7.8"]
[White "Vall de Vilamaro, Jordi"]
[Black "Bofill Mas, Alexandre"]
[Result "0-1"]
[WhiteElo "2227"]
[BlackElo "2412"]
[PlyCount "66"]
[EventDate "2018.??.??"]
[WhiteTeam "OLO"]
[BlackTeam "CCS"]

1. Nf3 Nf6 2. c4 g6 3. b3 Bg7 4. Bb2 d6 5. g3 O-O 6. Bg2 e5 7. d3 Nh5 8. Nc3 f5
9. Qc2 Nc6 10. O-O-O a5 11. a3 Nf6 12. e3 f4 13. gxf4 exf4 14. e4 Bg4 15. d4
Nd7 16. Nd5 Na7 17. h3 Bh5 18. h4 c6 19. Nc3 Qe7 20. Rd2 b5 21. cxb5 Nxb5 22.
Nxb5 cxb5 23. Qd3 Bg4 24. Bh3 Bxh3 25. Rxh3 a4 26. h5 g5 27. h6 Bh8 28. Rh5 Bf6
29. e5 Qf7 30. Nxg5 Rfc8+ 31. Kb1 Qxh5 32. Qxh7+ Kf8 33. exf6 Qh1+ 0-1

[Event "Lliga Catalana DH"]
[Site "Sabadell"]
[Date "2018.03.03"]
[Round "7.9"]
[White "Garcia-Castany Musellas, Gal·la"]
[Black "Terry Cuellar, Luis Antonio"]
[Result "1-0"]
[WhiteElo "2289"]
[BlackElo "2115"]
[PlyCount "111"]
[EventDate "2018.??.??"]
[WhiteTeam "CCS"]
[BlackTeam "OLO"]

1. e4 d6 2. d4 Nf6 3. Nc3 e5 4. Nf3 Nbd7 5. Bc4 Be7 6. O-O O-O 7. Re1 c6 8. a4
a5 9. h3 Qc7 10. Be3 Re8 11. Qe2 h6 12. Bb3 exd4 13. Bxd4 Ne5 14. Rad1 Bf8 15.
Bxe5 dxe5 16. Nh4 Bb4 17. Qf3 Be6 18. Bxe6 fxe6 19. Ng6 Rad8 20. Qg3 Bd6 21.
Rd3 Nh5 22. Qg4 Nf6 23. Qg3 Nh5 24. Qf3 Nf4 25. Nxf4 exf4 26. Qg4 Be5 27. Rxd8
Qxd8 28. Rd1 Qe7 29. Ne2 Rf8 30. c3 Kh7 31. Rd3 Rf6 32. Qh5 Bc7 33. Nd4 g6 34.
Qd1 Rf7 35. Qb3 e5 36. Nf3 b6 37. Qc4 Qf6 38. b4 Rg7 39. b5 cxb5 40. Qxb5 Qe6
41. Rd5 Re7 42. c4 g5 43. c5 bxc5 44. Rxc5 Qa2 45. Rd5 Kg7 46. Rd7 Qe6 47.
Rxe7+ Qxe7 48. Nd2 Qd8 49. Nb3 Kf6 50. Qc6+ Kg7 51. Nc5 Qd1+ 52. Kh2 Bd6 53.
Qd7+ Kf6 54. Nb7 Qe2 55. Nxd6 Qh5 56. Ne8+ 1-0

[Event "Lliga Catalana DH"]
[Site "Sabadell"]
[Date "2018.03.03"]
[Round "7.10"]
[White "Lazaro Pujol, Abel"]
[Black "Rajendra Sagar, Tejaswini"]
[Result "1-0"]
[WhiteElo "2110"]
[BlackElo "2081"]
[PlyCount "99"]
[EventDate "2018.??.??"]
[WhiteTeam "OLO"]
[BlackTeam "CCS"]

1. e4 e5 2. Nf3 Nc6 3. Bc4 Bc5 4. d3 Nf6 5. O-O O-O 6. a4 d6 7. c3 a5 8. Bg5
Ba7 9. Na3 h6 10. Bh4 Bg4 11. Nc2 g5 12. Bg3 Nh5 13. Ne3 Bxe3 14. fxe3 Nxg3 15.
hxg3 Qd7 16. Bb3 Kg7 17. d4 f6 18. Qd2 Bh5 19. Bc2 Bg6 20. b4 Qe7 21. d5 Nb8
22. Qe2 Nd7 23. Nd2 Nb6 24. Nb3 axb4 25. a5 Nc8 26. cxb4 Be8 27. Rfc1 Na7 28.
Bd3 c6 29. a6 cxd5 30. exd5 e4 31. axb7 Qxb7 32. Bxe4 Nb5 33. Bd3 Rxa1 34. Rxa1
Qxd5 35. Bc4 Nc3 36. Qf1 Qe5 37. Re1 Ne4 38. Nd4 Bd7 39. Qf3 Qxg3 40. Qxg3 Nxg3
41. Ra1 Kg6 42. Bd3+ f5 43. Ra7 Rf7 44. b5 Bc8 45. b6 Bb7 46. Nb5 Rd7 47. Nc7
Ne4 48. Rxb7 Nc5 49. Ra7 Nxd3 50. b7 1-0

[Event "Lliga Catalana DH"]
[Site "Mollet del Valles"]
[Date "2018.03.03"]
[Round "7.1"]
[White "Pichot, Alan "]
[Black "Fluvia Poyatos, Joan "]
[Result "1-0"]
[WhiteElo "2552"]
[BlackElo "2538"]
[PlyCount "93"]
[EventDate "2018.??.??"]
[WhiteTeam "MLL"]
[BlackTeam "SJO"]

1. e4 c5 2. Nf3 d6 3. d4 cxd4 4. Nxd4 Nf6 5. Nc3 a6 6. h3 e5 7. Nb3 Be6 8. f4
exf4 9. Bxf4 Nc6 10. Qe2 Be7 11. O-O-O Qc7 12. g4 h6 13. Kb1 Nd7 14. Nd5 Bxd5
15. exd5 Nce5 16. h4 Rc8 17. Rh3 Qd8 18. Nd4 g6 19. h5 Bg5 20. Bh2 Qe7 21. hxg6
fxg6 22. Ne6 Rc4 23. Rb3 b5 24. Ra3 Ra4 25. Rxa4 bxa4 26. Qxa6 Kf7 27. Bb5 Bf6
28. Rf1 Rb8 29. Bxd7 Nxd7 30. Bxd6 Rxb2+ 31. Kc1 Rb6 32. Qxb6 Nxb6 33. Bxe7
Kxe7 34. Nf4 Bg5 35. Kd1 Kd6 36. Ke2 Nc4 37. Ne6 Be7 38. Rf4 Kxd5 39. Rd4+ Kxe6
40. Rxc4 a3 41. Rc6+ Bd6 42. c4 Kd7 43. Ra6 h5 44. Kf3 h4 45. c5 Bxc5 46. Rxg6
Ke8 47. g5 1-0

[Event "Lliga Catalana DH"]
[Site "Mollet del Valles"]
[Date "2018.03.03"]
[Round "7.2"]
[White "Fluvia Poyatos, Jordi "]
[Black "Krysa, Leandro "]
[Result "0-1"]
[WhiteElo "2460"]
[BlackElo "2505"]
[PlyCount "102"]
[EventDate "2018.??.??"]
[WhiteTeam "SJO"]
[BlackTeam "MLL"]

1. e4 e5 2. Nf3 Nc6 3. d4 exd4 4. Nxd4 Nf6 5. Nxc6 bxc6 6. e5 Qe7 7. Qe2 Nd5 8.
c4 Nb6 9. Nc3 Ba6 10. Qe4 f6 11. exf6 Qxe4+ 12. Nxe4 gxf6 13. b3 O-O-O 14. Bb2
Bb4+ 15. Kd1 d5 16. cxd5 Bxf1 17. Rxf1 Rxd5+ 18. Kc2 Re8 19. f3 f5 20. Bc3 fxe4
21. Bxb4 exf3 22. Rf2 fxg2 23. Rxg2 Re4 24. Bd2 Rh5 25. Re1 Rxe1 26. Bxe1 Kb7
27. Re2 c5 28. Kd3 Rd5+ 29. Kc3 Rf5 30. Re4 Nd5+ 31. Kc4 Nb6+ 32. Kc3 Rf3+ 33.
Kc2 Nd5 34. Rh4 Rf7 35. Kd3 Nf4+ 36. Kc4 Ng2 37. Re4 Nxe1 38. Rxe1 Rf2 39. h3
Rxa2 40. Re7 h6 41. Rh7 Ra6 42. Kxc5 Rf6 43. b4 Rf5+ 44. Kc4 Rh5 45. Rf7 Rh4+
46. Kc5 Rxh3 47. Rf6 Rh1 48. Kc4 h5 49. Rh6 h4 50. Kb3 h3 51. Kb2 c6 0-1

[Event "Lliga Catalana DH"]
[Site "Mollet del Valles"]
[Date "2018.03.03"]
[Round "7.3"]
[White "Garriga Cazorla, Pere "]
[Black "Porras Mateo, Felipe"]
[Result "1-0"]
[WhiteElo "2469"]
[BlackElo "2448"]
[PlyCount "61"]
[EventDate "2018.??.??"]
[WhiteTeam "MLL"]
[BlackTeam "SJO"]

1. d4 Nf6 2. c4 g6 3. Nc3 Bg7 4. Nf3 d6 5. g3 O-O 6. Bg2 Nbd7 7. O-O e5 8. e4
c6 9. h3 Re8 10. Re1 exd4 11. Nxd4 Nc5 12. Bf4 Nh5 13. Be3 Nf6 14. Qc2 Qe7 15.
Rad1 a5 16. b3 h5 17. Qd2 a4 18. Bf4 Nfd7 19. b4 Ne6 20. Nxe6 Qxe6 21. Nd5 cxd5
22. exd5 Qxe1+ 23. Rxe1 Ne5 24. c5 Bf5 25. Bxe5 Bxe5 26. c6 b6 27. Qe3 Rab8 28.
Kh1 Kf8 29. c7 Rbc8 30. Qxb6 Re7 31. f4 1-0

[Event "Lliga Catalana DH"]
[Site "Mollet del Valles"]
[Date "2018.03.03"]
[Round "7.4"]
[White "Iglesias, Jorge "]
[Black "De Moura Santiago, Yago "]
[Result "1/2-1/2"]
[WhiteElo "2382"]
[BlackElo "2446"]
[PlyCount "132"]
[EventDate "2018.??.??"]
[WhiteTeam "SJO"]
[BlackTeam "MLL"]

1. c4 e6 2. Nc3 d5 3. d4 Nf6 4. Bg5 c6 5. e3 Nbd7 6. Nf3 Qa5 7. Nd2 Bb4 8. Bxf6
Nxf6 9. Qc2 c5 10. dxc5 dxc4 11. Bxc4 Qxc5 12. a3 Bxc3 13. Qxc3 O-O 14. Rc1 Bd7
15. Be2 Qxc3 16. Rxc3 Rac8 17. O-O Rxc3 18. bxc3 Rc8 19. c4 Kf8 20. Rb1 Bc6 21.
Kf1 Nd7 22. Bf3 Bxf3 23. Nxf3 b6 24. Rd1 Ke7 25. Rd4 Rc5 26. Nd2 Ra5 27. Rd3
Ne5 28. Rc3 f5 29. Ke2 Nd7 30. Kd3 e5 31. f3 Kf6 32. Kc2 Nc5 33. Kb1 Ne6 34. g3
Rc5 35. Rd3 Rc7 36. Kb2 g6 37. Rd5 Nc5 38. Kc2 Nd7 39. Kd3 Ke6 40. Ke2 Rc8 41.
Rb5 Nc5 42. Rb1 g5 43. h3 h5 44. Rg1 Rd8 45. g4 hxg4 46. hxg4 Rh8 47. gxf5+
Kxf5 48. Rg2 Rh1 49. Nf1 Rh4 50. Nd2 Kf6 51. Rf2 Kf5 52. Rg2 e4 53. fxe4+ Nxe4
54. Nf3 Rh1 55. Nd4+ Kg6 56. Kf3 Nf6 57. Ne6 g4+ 58. Kf4 Rc1 59. Ke5 Rxc4 60.
Nf4+ Kf7 61. Nd5 Nd7+ 62. Kf5 Ra4 63. e4 Rxa3 64. e5 Rf3+ 65. Nf4 Nc5 66. Kxg4
Rf1 1/2-1/2

[Event "Lliga Catalana DH"]
[Site "Mollet del Valles"]
[Date "2018.03.03"]
[Round "7.5"]
[White "Fernandez Diaz, Cristian"]
[Black "Gutierrez Clares, Joaquim"]
[Result "1/2-1/2"]
[WhiteElo "2349"]
[BlackElo "2326"]
[PlyCount "41"]
[EventDate "2018.??.??"]
[WhiteTeam "MLL"]
[BlackTeam "SJO"]

1. d4 Nf6 2. c4 g6 3. f3 Bg7 4. e4 d6 5. Nc3 O-O 6. Be3 c5 7. Nge2 Nc6 8. d5
Ne5 9. Ng3 e6 10. Be2 exd5 11. cxd5 Re8 12. O-O a6 13. a4 Bd7 14. h3 b5 15. f4
Nc4 16. Bxc4 bxc4 17. e5 dxe5 18. fxe5 Rxe5 19. Bxc5 Nh5 20. Nxh5 Rxh5 21. Rf2
1/2-1/2

[Event "Lliga Catalana DH"]
[Site "Mollet del Valles"]
[Date "2018.03.03"]
[Round "7.6"]
[White "Fernandez Madrid, Carlos "]
[Black "Montilla Carrillo, Esteban"]
[Result "0-1"]
[WhiteElo "2242"]
[BlackElo "2315"]
[PlyCount "68"]
[EventDate "2018.??.??"]
[WhiteTeam "SJO"]
[BlackTeam "MLL"]

1. d4 d5 2. c4 e6 3. Nc3 f5 4. Bf4 Nf6 5. e3 Be7 6. Bd3 c6 7. h3 O-O 8. Qc2 Ne4
9. cxd5 exd5 10. Nge2 Be6 11. f3 Nxc3 12. bxc3 Nd7 13. g4 Bh4+ 14. Kd2 Qf6 15.
Rag1 Rae8 16. g5 Qe7 17. Rg2 b5 18. Qb3 a6 19. Rb1 c5 20. Bc2 Nb6 21. Rbg1 Nc4+
22. Kc1 Bc8 23. e4 fxe4 24. fxe4 cxd4 25. cxd4 dxe4 26. d5 Qc5 27. Rd1 Bf2 28.
d6 Bd7 29. Bd2 a5 30. Bxa5 Rf3 31. Nc3 Kh8 32. Nxe4 Be3+ 33. Bd2 Rxe4 34. Bxe4
Nxd2+ 0-1

[Event "Lliga Catalana DH"]
[Site "Mollet del Valles"]
[Date "2018.03.03"]
[Round "7.7"]
[White "Morros Faura, Ricard "]
[Black "Barcelo Sola, David "]
[Result "1/2-1/2"]
[WhiteElo "2337"]
[BlackElo "2178"]
[PlyCount "100"]
[EventDate "2018.??.??"]
[WhiteTeam "MLL"]
[BlackTeam "SJO"]

1. e4 c5 2. Nf3 Nc6 3. d4 cxd4 4. Nxd4 g6 5. g3 Bg7 6. Ne2 d6 7. Bg2 Bg4 8. h3
Qa5+ 9. c3 Bxe2 10. Qxe2 Nf6 11. O-O O-O 12. Nd2 Rad8 13. Nb3 Qa4 14. Rd1 Nd7
15. Be3 Nde5 16. Nd4 Qc4 17. Bf1 Qxe2 18. Bxe2 a6 19. Nc2 Nd7 20. f4 Nc5 21.
Bf3 e5 22. Rxd6 Rxd6 23. Bxc5 Rd2 24. Bxf8 Bxf8 25. Rc1 exf4 26. gxf4 Bh6 27.
Ne3 Bxf4 28. Nd5 Rxd5 29. exd5 Bxc1 30. dxc6 bxc6 31. Bxc6 Bxb2 32. c4 Kf8 33.
Kf2 Bd4+ 34. Kf3 f5 35. a4 Ke7 36. a5 Bc3 37. Bb7 Bxa5 38. Bxa6 g5 39. Bc8 Kf6
40. Bb7 h5 41. Bd5 g4+ 42. hxg4 hxg4+ 43. Kg2 Ke5 44. Bb7 Kf4 45. Bc8 Kg5 46.
Bd7 f4 47. Bc6 Kf6 48. c5 Ke5 49. Bd7 f3+ 50. Kg3 Be1+ 1/2-1/2

[Event "Lliga Catalana DH"]
[Site "Mollet del Valles"]
[Date "2018.03.03"]
[Round "7.8"]
[White "Fernandez Serrano, Pablo"]
[Black "Garcia Marin, Guillem "]
[Result "1/2-1/2"]
[WhiteElo "2173"]
[BlackElo "2179"]
[PlyCount "60"]
[EventDate "2018.??.??"]
[WhiteTeam "SJO"]
[BlackTeam "MLL"]

1. d4 Nf6 2. Bf4 g6 3. e3 Bg7 4. Nf3 O-O 5. Be2 d6 6. h3 b6 7. O-O Bb7 8. a4
Nbd7 9. a5 Re8 10. a6 Bc8 11. Bb5 c5 12. Bc6 Rb8 13. Qd3 Qc7 14. Qb5 Rd8 15.
Nc3 Nf8 16. Rfd1 Ne6 17. Bh2 Bd7 18. Bxd7 Qxd7 19. Qxd7 Rxd7 20. Nb5 Ra8 21. c4
Ne4 22. Nd2 Nf6 23. Nb1 Ne8 24. N1c3 N8c7 25. Kf1 Nxb5 26. Nxb5 Nc7 27. Nc3 Ne6
28. Nb5 Nc7 29. Nc3 Ne6 30. Nb5 Nc7 1/2-1/2

[Event "Lliga Catalana DH"]
[Site "Mollet del Valles"]
[Date "2018.03.03"]
[Round "7.9"]
[White "Fernandez Lozano, Francesc "]
[Black "Hapala, Elisabeth"]
[Result "0-1"]
[WhiteElo "2180"]
[BlackElo "2103"]
[PlyCount "48"]
[EventDate "2018.??.??"]
[WhiteTeam "MLL"]
[BlackTeam "SJO"]

1. d4 d5 2. Nf3 Nf6 3. e3 c5 4. c4 cxd4 5. exd4 Nc6 6. Nc3 Bg4 7. cxd5 Nxd5 8.
Bc4 e6 9. O-O Bxf3 10. Qxf3 Nxd4 11. Qg4 Nf6 12. Qh4 Rc8 13. b3 Bb4 14. Nb5 Nf5
15. Qf4 a6 16. Na3 Qa5 17. Nc2 Bc3 18. Rb1 Qxa2 19. Bd2 Qxc2 20. Bxc3 Qxc3 21.
Bxe6 Nd4 22. Bg4 O-O 23. Kh1 Nxg4 24. Qxg4 Nxb3 0-1

[Event "Lliga Catalana DH"]
[Site "Mollet del Valles"]
[Date "2018.03.03"]
[Round "7.10"]
[White "Martinez Talavera, Jordi "]
[Black "De Seroux, Camille "]
[Result "1/2-1/2"]
[WhiteElo "2087"]
[BlackElo "2111"]
[PlyCount "133"]
[EventDate "2018.??.??"]
[WhiteTeam "SJO"]
[BlackTeam "MLL"]

1. d4 Nf6 2. Nf3 g6 3. Bf4 Bg7 4. e3 d6 5. h3 O-O 6. Be2 Nbd7 7. O-O c5 8. c3
a6 9. a4 b6 10. Nbd2 Bb7 11. Bh2 Ne4 12. Qb3 Ndf6 13. Nc4 Nd7 14. Na5 Qc7 15.
Nxb7 Qxb7 16. Rfd1 Rab8 17. Ne1 Qa7 18. Qc4 a5 19. f3 Nef6 20. d5 Ne8 21. f4
Nc7 22. Nf3 b5 23. axb5 Rxb5 24. Qa2 Rb6 25. Bg3 Qb7 26. Rd2 Nf6 27. Bd3 Ncxd5
28. e4 Nc7 29. e5 dxe5 30. fxe5 Nh5 31. Bf2 Ne6 32. Bc4 Nhf4 33. Bxe6 Rxe6 34.
Bg3 Nxh3+ 35. Kh2 Bh6 36. Qd5 Qxd5 37. Rxd5 Nf4 38. Bxf4 Bxf4+ 39. g3 Bh6 40.
Rxc5 Rb8 41. Nd4 Rxb2+ 42. Kh3 Ra6 43. Nc6 Rb7 44. Raxa5 Rxa5 45. Nxa5 Rd7 46.
Rc8+ Kg7 47. c4 Bd2 48. Nc6 Bc3 49. c5 e6 50. Nb8 Rd4 51. c6 Rc4 52. Nd7 Be1
53. Nf6 Kh6 54. Rh8 Rxc6 55. Rxh7+ Kg5 56. Rxf7 Rc4 57. Nh7+ Kh6 58. Nf8 Rc3
59. Rh7+ Kg5 60. Nxe6+ Kf5 61. Nd4+ Kxe5 62. Re7+ Kxd4 63. Rxe1 Kd5 64. Kg4 Kd6
65. Kf4 Rc5 66. g4 g5+ 67. Ke4 1/2-1/2

[Event "Lliga Catalana DH"]
[Site "Barcelona"]
[Date "2018.03.03"]
[Round "7.1"]
[White "Movsziszian, Karen"]
[Black "Herraiz Hidalgo, Herminio"]
[Result "1-0"]
[WhiteElo "2562"]
[BlackElo "2483"]
[PlyCount "111"]
[EventDate "2018.??.??"]
[EventCountry "ESP"]
[WhiteTeam "SAN"]
[BlackTeam "CAT"]

1. e4 e6 2. d3 d5 3. Nd2 Nf6 4. Ngf3 g6 5. g3 Bg7 6. Bg2 O-O 7. O-O c5 8. c3
Nc6 9. e5 Nd7 10. d4 b6 11. Nb3 a5 12. Bg5 f6 13. exf6 Bxf6 14. Bh6 Re8 15. Re1
a4 16. Nc1 a3 17. bxa3 Rxa3 18. Ne2 Nf8 19. h4 Bd7 20. Bc1 Ra7 21. Be3 cxd4 22.
cxd4 Na5 23. Bg5 Nc4 24. Nf4 Ba4 25. Qe2 Nd6 26. Rab1 Nf5 27. Bxf6 Qxf6 28. Qd2
Bd7 29. Rxb6 Rea8 30. Rb2 Ra4 31. Ne2 Bc8 32. Nc3 Rc4 33. Rd1 Ba6 34. a4 Rac8
35. Rb6 Rxc3 36. Rxa6 Nd7 37. Ng5 Rc2 38. Qf4 R2c6 39. Rxc6 Rxc6 40. a5 Kg7 41.
Bf1 h6 42. Nf3 Qd8 43. Ra1 Rc7 44. a6 Ra7 45. Bd3 Qb6 46. g4 Nxh4 47. Nxh4 g5
48. Nf5+ exf5 49. Qxf5 Qxd4 50. Qg6+ Kf8 51. Qxh6+ Kf7 52. Bg6+ Ke7 53. Re1+
Kd6 54. Bf5+ Kc5 55. Rc1+ Kb4 56. Qd6+ 1-0

[Event "Lliga Catalana DH"]
[Site "Barcelona"]
[Date "2018.03.03"]
[Round "7.2"]
[White "Canal Oliveras, Joan"]
[Black "Muñoz, Miguel"]
[Result "1/2-1/2"]
[WhiteElo "2317"]
[BlackElo "2525"]
[PlyCount "66"]
[EventDate "2018.??.??"]
[EventCountry "ESP"]
[WhiteTeam "CAT"]
[BlackTeam "SAN"]

1. d4 Nf6 2. Bg5 c5 3. Bxf6 exf6 4. Nc3 d5 5. e3 Nc6 6. Nge2 Be6 7. g3 cxd4 8.
exd4 Bd6 9. Bg2 Qa5 10. a3 Ne7 11. O-O O-O 12. Qd2 Rac8 13. Nf4 Bxf4 14. Qxf4
Rfd8 15. Rfe1 Nf5 16. Bf1 Qb6 17. Bd3 Qxd4 18. Qf3 Nd6 19. Rad1 Qb6 20. Nxd5
Bxd5 21. Qxd5 Qxb2 22. Bf5 Rb8 23. Re7 Qxa3 24. Bxh7+ Kxh7 25. Qh5+ Kg8 26.
Rxd6 Rf8 27. Rdd7 Qc1+ 28. Kg2 Qxc2 29. Rxf7 Qe4+ 30. Kg1 Qe1+ 31. Kg2 Qe4+ 32.
Kg1 Qe1+ 33. Kg2 Qe4+ 1/2-1/2

[Event "Lliga Catalana DH"]
[Site "Barcelona"]
[Date "2018.03.03"]
[Round "7.3"]
[White "Dominguez Pons, Eric"]
[Black "Amigo Vilalta, Jordi"]
[Result "1-0"]
[WhiteElo "2447"]
[BlackElo "2322"]
[PlyCount "71"]
[EventDate "2018.??.??"]
[EventCountry "ESP"]
[WhiteTeam "SAN"]
[BlackTeam "CAT"]

1. e4 c5 2. Nf3 Nc6 3. Bb5 g6 4. Bxc6 dxc6 5. O-O Bg7 6. d3 e5 7. Be3 Qe7 8. h3
Nf6 9. Qd2 h6 10. Nc3 Nd7 11. Nh2 g5 12. Ne2 Nf8 13. Ng3 b6 14. a4 a5 15. Nf5
Qf6 16. Nxg7+ Qxg7 17. b4 cxb4 18. d4 Ba6 19. Rfb1 Rd8 20. d5 c5 21. c3 bxc3
22. Qxc3 Nd7 23. Rxb6 Nxb6 24. Qxa5 Nxd5 25. exd5 Qg6 26. Bxc5 Rxd5 27. Qc7 Qe6
28. Rb1 Bc8 29. Ng4 Rxc5 30. Qxc5 f5 31. Rb6 Qxb6 32. Qxb6 fxg4 33. hxg4 Kf7
34. a5 Bxg4 35. a6 Be6 36. Qb7+ 1-0

[Event "Lliga Catalana DH"]
[Site "Barcelona"]
[Date "2018.03.03"]
[Round "7.4"]
[White "Dalo, Hermes"]
[Black "Akbarini, Sayed Arash"]
[Result "1-0"]
[WhiteElo "2304"]
[BlackElo "2387"]
[PlyCount "139"]
[EventDate "2018.??.??"]
[EventCountry "ESP"]
[WhiteTeam "CAT"]
[BlackTeam "SAN"]

1. d4 d5 2. c4 e6 3. Nf3 c6 4. e3 Nf6 5. b3 Nbd7 6. Bb2 b6 7. Bd3 Bb7 8. O-O
Be7 9. Nc3 dxc4 10. bxc4 c5 11. d5 exd5 12. cxd5 O-O 13. e4 a6 14. e5 Nxd5 15.
Nxd5 Bxd5 16. Bxh7+ Kxh7 17. Qxd5 Ra7 18. Rad1 Qa8 19. Qd3+ Kg8 20. e6 fxe6 21.
Qg6 Rf7 22. Qxe6 Nf8 23. Qxb6 Qb7 24. Qxb7 Rxb7 25. Ba1 Rb4 26. Ne5 Rf5 27. Nc6
Rb7 28. Nxe7+ Rxe7 29. Rfe1 Rxe1+ 30. Rxe1 Rd5 31. Bc3 Rd3 32. Re3 Rd1+ 33. Be1
Ra1 34. a3 Kf7 35. g3 Ne6 36. Kg2 Rb1 37. Bc3 g5 38. Kf3 Rc1 39. Kg4 Rc2 40.
Rf3+ Kg8 41. Kf5 Kf7 42. Kg4+ Kg8 43. Kf5 Kf7 44. Ke5+ Ke7 45. Kd5 Rc1 46. Ke5
Rc2 47. h3 Re2+ 48. Kf5 Kd6 49. Rd3+ Ke7 50. Bf6+ Kf7 51. Rd7+ Kf8 52. Kg6 Kg8
53. Ra7 Rxf2 54. Ra8+ Nf8+ 55. Kxg5 Kf7 56. Ra7+ Ke6 57. Rxa6+ Kd5 58. Be7 Ne6+
59. Kg4 c4 60. Bb4 Nd4 61. h4 Nc6 62. h5 Ne5+ 63. Kh3 Ke4 64. Re6 Kf5 65. Re8
Nf7 66. Rf8 Kg5 67. g4 Rf3+ 68. Kg2 Kxg4 69. Rg8+ Kf4 70. Bd2+ 1-0